Hodnotenie produktov ako nástroj zvyšovania konkurenčnej schopnosti v podmienkach globálneho trhu bakalárska práca

Salvato in:
Dettagli Bibliografici
Autore principale: Krompaščíková, Miriama
Ente Autore: Obchodná fakulta EU. Katedra tovaroznalectva a kvality tovaru
Altri autori: Strhan, Rastislav, 1968-
Natura: Libro
Lingua:slovacco
Pubblicazione: Bratislava 2010
Tags: Aggiungi Tag
Nessun Tag, puoi essere il primo ad aggiungerne!!

MARC

LEADER 00000nam$a2200000$$$4500
001 0135234
005 20240320074127.6
041 0 |a slo 
044 |a SK 
245 1 0 |a Hodnotenie produktov ako nástroj zvyšovania konkurenčnej schopnosti v podmienkach globálneho trhu  |b bakalárska práca  |c Miriama Krompaščíková ; školiteľ: Rastislav Strhan 
264 1 |a Bratislava  |c 2010 
300 |a 48 s. 
100 1 |a Krompaščíková, Miriama 
700 1 |a Strhan, Rastislav, 1968- 
710 2 |a Obchodná fakulta EU. Katedra tovaroznalectva a kvality tovaru